South Asian Geography By Letter - K - Statistics

General Stats
  • This quiz has been taken 210 times
  • The average score is 13 of 20
Answer Stats
Hint Answer % Correct
World's second tallest mountain K2
98%
Capital of Afghanistan Kabul
98%
Capital of Nepal Kathmandu
95%
Modern name for Calcutta Kolkata
95%
Region disputed between India, Pakistan and China Kashmir
92%
Biggest city in Pakistan Karachi
91%
Full English name of Bhutan {Kingdom} of Bhutan
90%
Mountain pass that connectsPakistan and Afghanistan Khyber Pass
74%
Southwestern Indian state with Christianheritage and a high standard of living Kerala
63%
Most common family name in Pakistan Khan
63%
Afghanistan's second largest city Kandahar
58%
This "sweet" city is the largestin central Sri Lanka Kandy
55%
Major river in southern India withnamesake of a Hindu god Krishna River
49%
Nickname of the Tamil cinema Kollywood
45%
Language spoken mainly in that state Kannada
42%
Bangalore's Indian state Karnataka
35%
Major city in Uttar Pradesh locatedon the Ganges River Kanpur
33%
Seaport in that state that was animportant spice trading center Kochi
31%
Tallest mountain of India Kangchenjunga
23%
Bangladesh's third-largest urban area Khulna
23%
No matching quizzes found
Score Distribution
Percent of People with Each Score
Percentile by Number Answered
Your Score History
You have not taken this quiz